000 01540cam a2200145 4500500
005 20260405013700.0
041 _afre
042 _adc
100 1 0 _aAmado, Gilles
_eauthor
700 1 0 _aGuittet, André
_eauthor
245 0 0 _aDynamique des communications dans les groupes
260 _bArmand Colin,
_c2017.
520 _aLe groupe familial, la classe d’école, le groupe de travail, l’équipe sportive représentent des ensembles humains que nous approchons sans cesse. Toute communication est échange de signes, de symboles, et met en jeu des rapports d’influence, des mouvements affectifs. Comment s’organisent ces échanges au sein d’un groupe ? Quelle est leur dynamique repérable et inconsciente et comment parvenir à la discerner et l’analyser ? L’éthologie, la linguistique, la psychanalyse, l’anthropologie et la psychologie nous aident à approcher cette réalité. Les groupes humains contiennent et produisent le meilleur et le pire : création, coopération et autonomie d’un côté, enfermement, sectarisme et aliénation de l’autre. Refuges contre l’anxiété, la solitude, voire l’oppression, ils figurent aussi au cœur des projets, de l’action, du développement. Cet ouvrage désormais classique, réactualisé dans cette 7e édition, s’adresse aux étudiants, formateurs, travailleurs sociaux, psychologues et responsables d’équipes.
856 4 1 _uhttps://shs.cairn.info/dynamique-des-communications-dans-les-groupes--9782200619473?lang=fr&redirect-ssocas=7080
999 _c2107282
_d2107282